Statistics for Clash Royale Card Trivia

Click here to take the quiz!

General Stats

  • This quiz has been taken 171 times
  • The average score is 10 of 12

Answer Stats

QuestionAnswer% Correct
How many fire spirits used to spawn when you use the card?3
96%
How many troops drop items upon death? (i.e. Knight drops his sword)9
92%
What card when slowed by an Ice Wizard will have a speed of 0.4875 m/s? (Hint: it is the slowest troop)Golem
92%
What is the only flying troop that comes in pairs? (not swarms, pairs)Skeleton Dragons
89%
Which Champion deals the least damage per hit out of all the Champions?Golden Knight
85%
Which building have the highest hitpoints?Inferno Tower
85%
Which spirit used to be a spell?Heal Spirit
82%
Which building can be deployed anywhere in the arena?Goblin Drill
80%
What troop in Touchdown mode wear American football Helmets instead of their regular helmets?Elite Barbarians
77%
How many clash royale cards are there? (Including champions)106
72%
Which troops kills a princess tower fastest? (Assuming not being destroyed)Skeleton Army
55%
Which troop is the only rare card that can stun?Zappies
50%

Score Distribution

Percentile by Number Answered

Percent of People with Each Score

Your Score History

You have not taken this quiz